| 000 | 00810nam a2200253 i 4500 | ||
|---|---|---|---|
| 001 | bg | ||
| 245 | 0 | 0 |
_aElementy architektury przeszkleń : _bmateriały seminaryjne : [Białystok, 17 czerwca 1995 r. / _cred. nauk. Jerzy Ullman]. |
| 260 |
_aBiałystok : _bWydawnictwa Politechniki Białostockiej, _c1996. |
||
| 300 |
_a56 s. : _bfot., rys. ; _c23 cm. |
||
| 500 | _aNa prawach rps. | ||
| 504 | _aBibliogr. s. 27. | ||
| 650 | 9 |
_aArchitektura _xzagadnienia |
|
| 650 | 9 |
_aOkno _xbudowa i konstrukcje |
|
| 650 | 9 |
_aSzkło _xtechnologia |
|
| 655 | _aMateriały konferencyjne | ||
| 700 | 1 |
_aULLMAN, Jerzy. _eRed. |
|
| 020 | _a8386272503 | ||
| 040 | _cBPK | ||
| 041 | 0 | _apl | |
| 080 | _a72.01:692.8:666.1/.2](061.3) | ||
| 920 | _a83-86272-50-3 | ||
| 942 | _cKS | ||
| 008 | s pl f |000 0 pol | ||
| 999 |
_c31520 _d31520 |
||
| 856 |
_uhttp://koha.tu.koszalin.pl/cgi-bin/koha/opac-detail.pl?biblionumber=31520 _yKatalog online BPK |
||